000 00707nam a2200181 ar4500
001 1438
005 20221127090222.0
008 090809s su a 00010|ara d
020 _a9960140512
082 0 4 _a658.834
_bس451
100 1 _aسليمان، احمد علي.
245 1 0 _aسلوك المستهلك بين النظرية والتطبيق مع التركيز على السوق السعودية /
_cاحمد علي سليمان.
260 _aالرياض :
_bمعهد الادارة العامة،
_c2000.
300 _a524 ص. :
_bايض. ؛
_c30 سم.
504 _aيتضمن ارجاعات ببليوجرافية.
650 4 _aالتسويق
_xبحوث.
650 4 _aالاستهلاك
_xبحوث.
999 _c1436
_d1436